header

The world as a company town (Record no. 106346)

MARC details
000 -LEADER
fixed length control field 02100nam a2200433 a 4500
082 04 - DEWEY DECIMAL CLASSIFICATION NUMBER
Classification number 301.18/32
245 04 - TITLE STATEMENT
Title The world as a company town
260 ## - PUBLICATION, DISTRIBUTION, ETC. (IMPRINT)
Place of publication The Hague :
Name of publisher Mouton Publishers,
Year of publication 1978.
300 ## - PHYSICAL DESCRIPTION
Number of Pages xi, 455 p.
500 ## - GENERAL NOTE
General note "Distributed in the U.S.A. and Canada by Aldine, Chicago."
General note Papers prepared for the 9th International Congress of Anthropological and Ethnological Sciences, Chicago, 1973.
505 0# - FORMATTED CONTENTS NOTE
Formatted contents note section 1. The multinational corporation in a global context -- section 2. The multinational corporation and the social scientist -- section 3. The multinational corporation and social change.
650 #0 - SUBJECT ADDED ENTRY--TOPICAL TERM
Topical Term International business enterprises
Topical Term International business enterprises
700 1# - ADDED ENTRY--PERSONAL NAME
Personal name Idris-Soven, Ahamed,
Personal name Idris-Soven, Elizabeth,
Personal name Vaughan, Mary K.,
856 40 - ELECTRONIC LOCATION AND ACCESS
Uniform Resource Identifier http://site.ebrary.com/lib/rucke/Doc?id=10585503

No items available.

© 2026 Rongo University
Contact us: librarian | system librarian | Rongo university